La transformación del estado para el desarrollo en Iberoamérica : (Registro nro. 7102)
[ vista simple ]
| 000 -LEADER | |
|---|---|
| fixed length control field | 01733cam a2200289 i 4500 |
| 001 - CONTROL NUMBER | |
| control field | 18052173 |
| 003 - CONTROL NUMBER IDENTIFIER | |
| control field | OSt |
| 005 - DATE AND TIME OF LATEST TRANSACTION | |
| control field | 20210203153733.0 |
| 008 - FIXED-LENGTH DATA ELEMENTS--GENERAL INFORMATION | |
| fixed length control field | 140210s2013 ve b 000 0 spa |
| 010 ## - LIBRARY OF CONGRESS CONTROL NUMBER | |
| LC control number | 2014398316 |
| 020 ## - INTERNATIONAL STANDARD BOOK NUMBER | |
| International Standard Book Number | 9789806125773 |
| 040 ## - CATALOGING SOURCE | |
| Original cataloging agency | DLC |
| Transcribing agency | CO-JMCR |
| 041 0# - LANGUAGE CODE | |
| Language code of text/sound track or separate title | spa |
| 082 04 - DEWEY DECIMAL CLASSIFICATION NUMBER | |
| Classification number | 320.98 / |
| Item number | V759t |
| Edition number | 23 |
| 100 1# - MAIN ENTRY--PERSONAL NAME | |
| Personal name | Villoria, Manuel, |
| Relator term | autor |
| 9 (RLIN) | 13026 |
| 245 03 - TITLE STATEMENT | |
| Title | La transformación del estado para el desarrollo en Iberoamérica : |
| Remainder of title | aportes para la discusión / |
| Statement of responsibility, etc. | Manuel Villoria (coordinador), Luis F. Aguilar, Mercedes Lacoviello y Noemí Pulido, |
| 260 ## - PUBLICATION, DISTRIBUTION, ETC. | |
| Place of publication, distribution, etc. | Caracas, Venezuela : |
| Name of publisher, distributor, etc. | CLAD Centro Latinoamericano de Administración para el Desarrollo, |
| Date of publication, distribution, etc. | 2013 |
| 300 ## - PHYSICAL DESCRIPTION | |
| Extent | 142 páginas : |
| Dimensions | 23 cm |
| 505 0# - FORMATTED CONTENTS NOTE | |
| Title | La transformación del estado para el desarrollo en Iberoamérica / |
| Statement of responsibility | Manuel Villoria -- |
| Title | Una administración íntegra / |
| Statement of responsibility | Manuel Villora -- |
| Title | Las tareas de la gobernanza / |
| Statement of responsibility | Luis F. Aguilar -- |
| Title | Una función pública profesional para América Latina / |
| Statement of responsibility | Mercedes Iacoviello ; |
| -- | Noemí pulido -- |
| Title | Participación ciudadana en gobiernos de calidad orientados al desarrollo: lineamientos para una gestión pública participativa en el siglo veintiuno / |
| Statement of responsibility | Francisco Javier Estévez Valencia -- |
| Title | Implementación del gobierno electrónico en el sector público / |
| Statement of responsibility | Eduardo Thill -- |
| Title | La calidad en la gestión pública / |
| Statement of responsibility | Luis Tenorio |
| 650 #0 - SUBJECT ADDED ENTRY--TOPICAL TERM | |
| Topical term or geographic name entry element | Administración Pública |
| Geographic subdivision | Latino América |
| 9 (RLIN) | 13027 |
| 650 24 - SUBJECT ADDED ENTRY--TOPICAL TERM | |
| Topical term or geographic name entry element | Política y gobierno |
| Geographic subdivision | Latino América |
| 9 (RLIN) | 13028 |
| 650 24 - SUBJECT ADDED ENTRY--TOPICAL TERM | |
| Topical term or geographic name entry element | Desarrollo económico |
| Geographic subdivision | Latino América |
| 9 (RLIN) | 13029 |
| 700 1# - ADDED ENTRY--PERSONAL NAME | |
| Personal name | Aguilar, Luis F., |
| Relator term | autor |
| 9 (RLIN) | 13030 |
| 700 1# - ADDED ENTRY--PERSONAL NAME | |
| Personal name | Lacoviello, Mercedes, |
| Relator term | autor |
| 9 (RLIN) | 13031 |
| 700 1# - ADDED ENTRY--PERSONAL NAME | |
| Personal name | Pulido, Noemí, |
| Relator term | autrora |
| 9 (RLIN) | 13032 |
| 942 ## - ADDED ENTRY ELEMENTS (KOHA) | |
| Source of classification or shelving scheme | Dewey Decimal Classification |
| Koha item type | Books |
| Withdrawn status | Lost status | Source of classification or shelving scheme | Damaged status | Not for loan | Home library | Current library | Shelving location | Date acquired | Source of acquisition | Total Checkouts | Full call number | Barcode | Date last seen | Copy number | Price effective from | Koha item type |
|---|---|---|---|---|---|---|---|---|---|---|---|---|---|---|---|---|
| Dewey Decimal Classification | Biblioteca Pública José María del Castillo y Rada | Biblioteca Pública José María del Castillo y Rada | General Stacks | 10/02/2020 | Donación | 320.98 / V759t | 201810494 | 05/16/2024 | Ej.1 | 10/02/2020 | Books |